00342nam a2200133Ia 4500008004100000041000800041082001200049100001900061245004500080250001400125260003100139300003300170365000500203240624s9999 xx 000 0 und d aeng a519 FEL aFELLER WILLIAM aINTRODUCTION TO PROBABILITY THEORY AND I a(3rd ed.) c2003aNew YorkbJohn Wiley axviii, : 509 : p. : cm. ; 26 c